study on standing wood volume and mean annual increment of clones GT1, RRIM600, RRIV4 and PB260 at long sreng international co,LTD ( boeung ket plantation ) សិក្សាមាឌឈើឈរ និង​កម្រិតលូតលាស់ប្រចាំឆ្នាំរបស់កៅស៊ូ GT1, RRIM600, RRIV4, Pb260 នៅក្រុមហ៊ុន ឡុង ស្រេង អុិនធ័រណេតសុិណល ( ចម្កាកៅស៊ូបឹងកេត) (Record no. 18112)

000 -LEADER
fixed length control field 00865nam a22001337a 4500
040 ## - CATALOGING SOURCE
Transcribing agency RUA
082 ## - DEWEY DECIMAL CLASSIFICATION NUMBER
Classification number RUB KOU 2017 B643 Or.1
100 ## - MAIN ENTRY--AUTHOR NAME
Personal name KOUK BOREY គង់ បូរី
245 ## - TITLE STATEMENT
Title study on standing wood volume and mean annual increment of clones GT1, RRIM600, RRIV4 and PB260 at long sreng international co,LTD ( boeung ket plantation ) សិក្សាមាឌឈើឈរ និង​កម្រិតលូតលាស់ប្រចាំឆ្នាំរបស់កៅស៊ូ GT1, RRIM600, RRIV4, Pb260 នៅក្រុមហ៊ុន ឡុង ស្រេង អុិនធ័រណេតសុិណល ( ចម្កាកៅស៊ូបឹងកេត)
260 ## - PUBLICATION, DISTRIBUTION, ETC. (IMPRINT)
Place of publication RUA
Name of publisher phnom penh
Year of publication 2017
300 ## - PHYSICAL DESCRIPTION
Number of Pages x;32p
Other physical details ill;
Dimensions 29cm
856 ## - ELECTRONIC LOCATION AND ACCESS
Uniform Resource Identifier https://drive.google.com/file/d/1D0UVeih97lPg0OSv96l0tExYHRqmP9eE/view?usp=sharing
942 ## - ADDED ENTRY ELEMENTS (KOHA)
Koha item type RUB
952 ## - LOCATION AND ITEM INFORMATION (KOHA)
Withdrawn status [LOCAL, KOHA] 0
952 ## - LOCATION AND ITEM INFORMATION (KOHA)
Withdrawn status [LOCAL, KOHA] 0
952 ## - LOCATION AND ITEM INFORMATION (KOHA)
Withdrawn status [LOCAL, KOHA] 0
952 ## - LOCATION AND ITEM INFORMATION (KOHA)
Withdrawn status [LOCAL, KOHA] 0
952 ## - LOCATION AND ITEM INFORMATION (KOHA)
Withdrawn status [LOCAL, KOHA] 0
952 ## - LOCATION AND ITEM INFORMATION (KOHA)
Withdrawn status [LOCAL, KOHA] 0
Holdings
Permanent Location Date acquired Koha item type Lost status Shelving location Barcode Current Location Full call number
Library Block B2019-07-30RUB B643A39828Library Block BRUB KOU 2017 B643 Or.1
Library Block B2019-07-30RUB B643A39903Library Block BRUB KOU 2017 B643 Or.2
Library Block B2019-07-30RUB B643A41015Library Block BRUB KOU 2017 B643 Or.3
Library Block B2019-07-30RUB B643A40796Library Block BRUB KOU 2017 B643 Or.4
Library Block B2019-07-30RUB B643A40166Library Block BRUB KOU 2017 B643 Or.5
Library Block B2019-07-30RUB B643A39845Library Block BRUB KOU 2017 B643 Or.6
មជ្ឈមណ្ឌលឯការនៃសាកលវិទ្យាល័យភូមិន្ទកសិកម្មចំការដូង

Powered by Koha